| 000 | 00000nas##2200000za#4500 |
| 001 | 9.503502 |
| 003 | CaOODSP |
| 005 | 20200325093344 |
| 007 | cr ||||||||||| |
| 008 | 150406c1999||||xxc|| p o||||f| |0fre|d |
| 022 | |a1707-8482 |
| 040 | |aCaOODSP|bfre |
| 043 | |an-cn--- |
| 086 | 1 |aR1-48F-PDF |
| 110 | 1 |aCanada.|bAffaires indiennes et du Nord. |
| 245 | 10|aGuide national de présentations des rapports des Premières Nations |h[ressource électronique] |
| 260 | |aOttawa - Ontario : |bAffaires indiennes et du Nord |
| 310 | |aAnnuel |
| 362 | 1 |a1999/2000-2005/2006 |
| 691 | 07|aFinancement|2gcpds |
| 691 | 07|aGouvernement autochtone|2gcpds |
| 775 | 08|tFirst Nations national reporting guide |w(CaOODSP)9.507109 |